Slogans der deutschen Bundesländer - Statistiken

Allgemein
  • Dieses Quiz wurde 189 mal gespielt
  • Das Durchschnittsergebnis liegt bei 6 aus 14
Antwortstatistiken
Slogan Antwort % Korrekt
„Der echte Norden“ Schleswig-Holstein
81%
„The Länd“ Baden-Württemberg
79%
„Großes entsteht immer im Kleinen“ Saarland
66%
„An _____ führt kein Weg vorbei“ Hessen
60%
„Wir sind ein _____“ Berlin
54%
„Europe’s Heartbeat“ Nordrhein-Westfalen
50%
„_____.Klar.“ Niedersachsen
40%
„So geht _____“ Sachsen
36%
„_____ erleben“ Bremen
31%
„_____.Gold“ Rheinland-Pfalz
31%
„#moderndenken“ Sachsen-Anhalt
29%
„_____ tut gut.“ Mecklenburg-Vorpommern
27%
„Das ist _____“ Thüringen
23%
„Es kann so einfach sein“ Brandenburg
21%
Keine übereinstimmenden Quizze gefunden
Verteilung der Resultate
Anzahl Personen mit jedem Resultat
Perzentil nach korrekt beantworteten Fragen
Ihre Resultats-Entwicklung
Sie haben dieses Quiz noch nicht gespielt